000
00190 a2200097 4500
001
9322
100
_a
Russel
245
_a
If I forget thee.
260
_a
_b
Cassell
_c
090
_c
7492
_d
7492
942
_a
NUST-CAE
_c
M
_c
34147
999
_c
244395
_d
244395